Vvedenije v teoriju atomnych spektrov
Saved in:
| Main Author: | |
|---|---|
| Format: | Book |
| Language: | Russian |
| Published: |
Moskva :
Nauka,
1977
|
| Tags: |
No Tags, Be the first to tag this record!
|
MARC
| LEADER | 00000nam a22000003a 4500 | ||
|---|---|---|---|
| 001 | stu219279 | ||
| 005 | 20150617225739.9 | ||
| 008 | 101213s1985----xxr-----------------rus-d | ||
| 040 | |a STU |b slo | ||
| 041 | 0 | |a rus | |
| 044 | |a xxr | ||
| 080 | |a 519.71 |7 stu_us_auth*stu8254 | ||
| 080 | |a 535.33 | ||
| 100 | 1 | |a Sobeľman, Igor Iljič |4 aut | |
| 245 | 1 | |a Vvedenije v teoriju atomnych spektrov | |
| 260 | |a Moskva : |b Nauka, |c 1977 | ||
| 300 | |a 173 s | ||
| 996 | |b E40876 |c E*40876 |l EE10 |s P |a 0 |w stu219279_0001 | ||